| 000 | 00591nam a2200205Ia 4500 | ||
|---|---|---|---|
| 008 | 220204s9999 xx 000 0 und d | ||
| 082 |
_a581.175.11 _bSMI |
||
| 100 | _aSMITH, Harry | ||
| 245 | 0 | _aPhytochrome photomorphogenesis: An introduction to the photocontrol of plant development | |
| 260 |
_aLondon _bMcgraw-Hill _c1975 |
||
| 650 | _aBiochemistry | ||
| 650 | _aPhotocontrol | ||
| 650 | _aPhotomorphogenesis | ||
| 650 | _aPhotoperiodism | ||
| 650 | _aPhytochrome | ||
| 650 | _aPlant development | ||
| 650 | _aSeed germination | ||
| 650 | _aSeedling development | ||
| 942 | _cBK | ||
| 999 |
_c31401 _d31401 |
||